| 000 | 00839nam a22003015i 4500 | ||
|---|---|---|---|
| 001 | 17774245 | ||
| 003 | OSt | ||
| 005 | 20180116183003.0 | ||
| 008 | 130612s2014 cau 000 0 eng | ||
| 010 | _a 2013942708 | ||
| 020 | _a9781446255858 (hardback) | ||
| 020 | _a9781446255865 (pbk.) | ||
| 040 |
_aDLC _beng _erda _cDLC |
||
| 042 | _apcc | ||
| 082 | _a658.3 | ||
| 100 | 1 | _aRees, Gary. | |
| 245 | 1 | 0 |
_aStrategic human resource management . _ban international perspective . _cGary Rees ; [edited by] Gary Rees, Paul Smith. |
| 250 | _a1st edition. | ||
| 260 |
_aNew Delhi _bSAGE _c2014 |
||
| 263 | _a1401 | ||
| 300 | _apages cm | ||
| 500 | _aPaper Cover | ||
| 600 | _aRees, Gary. | ||
| 700 | _aRees, Gary. | ||
| 906 |
_a0 _bibc _corignew _d2 _eepcn _f20 _gy-gencatlg |
||
| 942 |
_2ddc _cBK _k658.3 |
||
| 999 |
_c349954 _d349954 |
||